| 000 | 00480nmm a2200157Ia 4500 | ||
|---|---|---|---|
| 008 | 251105s9999||||xx |||||||||||||||||und|| | ||
| 020 | _a9789587716702 | ||
| 041 | _aspa | ||
| 100 | _aAriño, Juan José | ||
| 245 | 0 |
_aVentas para emprendedores : _b Todo lo que necesitas saber |
|
| 264 |
_a[Bogotá, Colombia] : _bEcoe Ediciones, _c2018 |
||
| 300 | _a220 páginas | ||
| 650 | _aEconomics and Business | ||
| 856 | _uhttps://public.digitaliapublishing.com/a/101632 | ||
| 942 | _cCF | ||
| 999 |
_c96264 _d96264 |
||